000 01043nam a22002417a 4500
005 20240530110628.0
008 170108s2014 ua f b 000 0 ara d
017 _a2014/4400
_bمصر. دار الكتب
020 _a9789773223250
040 _aEG-CaGPL
_cEG-CaGPL
082 0 4 _221
_a932.022
_bق/ا م
100 0 _aالحسين احمد عبدالله
245 1 0 _aمصر والامبراطورية الرومانية :
_bدراسة فى ضوء الوثائق البردية والنقوش /
_cتأليف الحسين احمدعبدالله
250 _aط.1
260 _aالقاهرة :
_bعين للدراسات و البحوث الانسانية و الاجتماعية ،
_c2014
300 _a314 ص ؛
_c24 سم .
504 _aببليوجرافية : ص 293 - 314
650 0 7 _2qrmak
_aاليهود
651 0 7 _2qrmak
_aالإمبراطورية الرومانية
651 0 7 _2qrmak
_aمصر القديمة
_xتاريخ
_yالعصر الرومانى
942 _2ddc
_cBK
999 _c63186
_d63186